[Event "Cup Russia (open)"]
[Site "St. Petersburg (Russia)"]
[Round "1"]
[White "Sambuev Bator (RUS)"]
[Black "Zuttis Sergey (RUS)"]
[Result "1-0"]
[WhiteElo "2562"]
[BlackElo "2138"]

1.Nf3 Nf6 2.c4 d6 3.d4 Bg4 4.Nc3 c6 5.g3 Bxf3 6.exf3 Nbd7 7.Bg2 g6 8.O-O Bg7
9.Re1 O-O 10.d5 Re8 11.f4 Qc7 12.Be3 a6 13.Rc1 c5 14.a4 Rad8 15.Rc2 Nb6 16.Qd3
Ng4 17.Bc1 Nf6 18.Rce2 Qd7 19.b3 Nc8 20.Bb2 Rf8 21.Qc2 Rde8 22.Ne4 Nxe4
23.Rxe4 Qf5 24.Bxg7 Kxg7 25.Qb2+ Kg8 26.h4 Rd8 27.Qe2 b5 28.axb5 axb5 29.Qf3
bxc4 30.bxc4 Qf6 31.h5 Rfe8 32.Bh3 Kh8 33.Kg2 Rg8 34.hxg6 hxg6 35.Bxc8 Rxc8
36.Rxe7 Rcd8 37.g4 Rg7 38.g5 Qf5 39.Re8+ Rxe8 40.Rxe8+ Rg8 41.Qc3+ Kh7 42.Re3
Rg7 43.Qf6 Qd7 44.Kg3 Kg8 45.Re7 Qa4 46.Qxd6 Qb3+ 47.Re3 Qd1 48.Qd8+ Kh7
49.Kh2 {#r} 1-0

[Event "It (open) \"]
[Site "Tatranske Zruby (Slovakia)"]
[Round "3"]
[White "Stocek Jiri (CZE)"]
[Black "Krajnak Martin (SVK)"]
[Result "1-0"]
[WhiteElo "2569"]
[BlackElo "2275"]

1.d4 Nf6 2.c4 d6 3.Nf3 Bg4 4.Qb3 Qc8 5.h3 Bxf3 6.exf3 e6 7.Nc3 Be7 8.Be3 c6
9.d5 e5 10.f4 exf4 11.Bxf4 Nbd7 12.Be2 O-O 13.dxc6 bxc6 14.Rd1 Nc5 15.Qc2 Rd8
16.O-O d5 17.cxd5 cxd5 18.Bf3 Nce4 19.Be5 Bb4 20.Qb3 Bxc3 21.bxc3 Qf5 22.Bxf6
Nxf6 23.Rd4 Rab8 24.Qa4 Rbc8 25.Qa5 Rd7 26.c4 Qc2 27.cxd5 Qb2 28.Rd2 Qb8 29.d6
Rcd8 30.Rfd1 Ne8 31.Bc6 Rxd6 32.Bxe8 Rxd2 33.Bxf7+ Kxf7 34.Rxd2 Rxd2 35.Qxd2
h6 36.Qd5+ Kf6 37.h4 Qb6 38.g3 a5 39.Kg2 Qb4 40.Qf3+ Ke7 41.Qe3+ Kd6 42.Qd3+
Kc7 43.Qd5 Qc3 44.f4 a4 45.Qe5+ Qxe5 46.fxe5 Kc6 47.Kf3 Kd5 48.Kf4 g6 49.h5
{#r} 1-0

[Event "It"]
[Site "Tenerife (Spain)"]
[Round "6"]
[White "Gonzalez Marrero Jacobo (ESP)"]
[Black "Martin Luis Cesar (ESP)"]
[Result "1-0"]
[WhiteElo "2303"]
[BlackElo "2215"]

{ A53: Defensa India antigua sin Cf3 } 1.d4 Nf6 2.Nf3 d6 3.c4 Bg4 4.Qb3 Qc8
5.g3 Nc6 6.d5 Nd8 7.h3 Bd7 8.Nc3 g6 9.e4 Bg7 10.Bg5 { N } ( 10.Be3 O-O 11.g4
b6 12.Nd4 e5 13.Nde2 h5 14.f3 Nb7 15.Qc2 a6 16.Nc1 Qe8 17.Nd3 Nc5 18.Qd2 Kh7
19.Be2 c6 20.dxc6 Bxc6 21.Nb4 Rd8 22.Nbd5 Bxd5 23.cxd5 b5 24.b4 Ncd7 {
Lokvenc,J-Steiner,E/Vienna 1928/EXT 99/1-0 (41) } ) 10...h6 11.Be3 ( 11.Bd2 c6
{ ? } ) 11...e5 ( 11...c6 12.Rd1 { ? } ) 12.c5 { ± } 12...O-O 13.Rc1 Qb8 (
13...dxc5 14.Nxe5 Nxe4 15.Nxe4 Bxe5 16.Nxc5 { ± } ( { worse is } 16.Bxh6 Re8
17.Be3 b6 { = } ) ) 14.Bg2 ( 14.cxd6 cxd6 15.g4 b6 { ? } ) 14...Kh7 ( 14...Ne8
15.O-O { ? } ) 15.O-O Ne8 16.Nd2 f5 17.exf5 gxf5 18.f4 Nf7 ( 18...e4 19.g4 { ±
} ) 19.Qc2 ( 19.fxe5 dxe5 20.Qc2 Kg8 { ± } ) 19...Kh8 ( 19...e4 { !?± } )
20.Nf3 Bf6 21.c6 bxc6 22.dxc6 Be6 23.Rcd1 Rg8 24.Kh2 Bc4 ( 24...a5 25.Nd5 e4
26.Nxf6 Nxf6 27.Bd4 { ± } ) 25.Rf2 { Diagrama # } 25...e4 { ? } ( { ? }
25...Be6 { ± } ) 26.Nd4 { +?? } 26...Bd3 ( 26...Qb4 27.Nxf5 Bd3 28.Rxd3 exd3
29.Qxd3 { +?? } ) 27.Rxd3 exd3 28.Qxd3 Ng7 29.Nxf5 Qc8 ( 29...Qd8 30.Nd4 Nh5
31.Bd5 { +?? } ) 30.Nxg7 Bxg7 31.Nd5 Qd8 ( 31...Qf8 32.Nxc7 Rc8 { +?? } )
32.Qg6 ( 32.Qg6 Qe8 33.Qf5 { +?? } ) 1-0

[Event "Ch Murcia"]
[Site "Totana (Spain)"]
[Round "2"]
[White "Hostalet Ferrer Pedro (ESP)"]
[Black "Ibarra Jerez Jose Carlos (ESP)"]
[Result "0-1"]
[WhiteElo "2180"]
[BlackElo "2423"]

1.d4 Nf6 2.c4 d6 3.Nf3 Bg4 4.Qb3 Qc8 5.h3 Bh5 6.g3 Nbd7 7.Bg2 e5 8.dxe5 dxe5
9.Nxe5 Nxe5 10.Bxb7 Qd8 11.Qb5+ Ned7 12.Bxa8 Qxa8 13.O-O Bc5 14.Nc3 O-O 15.a3
Rb8 16.Qa5 Bb6 17.Qf5 Re8 18.g4 Bg6 19.Qf4 Nf8 20.Be3 Bxe3 21.fxe3 Qc6 22.b3
Ne6 23.Qf3 Qb6 24.h4 Qxb3 25.Nd5 Nxd5 26.cxd5 Nd8 27.Rfc1 Rxe3 28.Qf4 Qb6
29.Kf1 Re4 30.Qf2 Qd6 31.Qxa7 Qg3 32.e3 Rf4+ 33.exf4 Bd3# 0-1

[Event "Bundesliga (2nd) South 2002/03"]
[Site "Germany"]
[Date "2003.01.13"]
[Round "4"]
[White "Gschnitzer Oswald (GER)"]
[Black "Ikonnikov Vyacheslav (RUS)"]
[Result "1/2-1/2"]
[WhiteElo "2420"]
[BlackElo "2559"]

1.Nf3 Nf6 2.c4 d6 3.d4 Bg4 4.Qb3 Qc8 5.h3 Bh5 6.g4 Bg6 7.Bg2 c6 8.Nc3 e6 9.Nh4
Be7 10.Bf4 Nfd7 11.Nxg6 hxg6 12.O-O-O Na6 13.Bg3 Nb6 14.Kb1 O-O 15.h4 d5
16.cxd5 exd5 17.g5 Bb4 18.e4 Bxc3 19.Qxc3 dxe4 20.Bxe4 Qg4 21.Qf3 Qe6 22.a3
Rfe8 23.Bc2 Qd5 24.Qxd5 Nxd5 25.h5 Re6 26.h6 Rae8 27.Be5 gxh6 28.Rxh6 Rxe5
29.dxe5 Rxe5 30.Rdh1 Rxg5 31.Rh8+ Kg7 32.R1h7+ Kf6 33.Rf8 Ke5 34.Rfxf7 Nc5
35.b4 Ne6 36.Rxb7 Rg2 37.Rhf7 Nef4 38.b5 cxb5 39.Rxa7 Rxf2 40.Kc1 Rg2 41.Ra8
Ne2+ 42.Kb1 Nec3+ 43.Kc1 Ne2+ 44.Kb1 Nec3+ 45.Kc1 Ne2+ {#d} 1/2-1/2

[Event "It (open)"]
[Site "Bad Woerishofen (Germany)"]
[Round "6"]
[White "Fries Elisabeth (GER)"]
[Black "Steinhardt Stefan (GER)"]
[Result "0-1"]
[WhiteElo "1688"]
[BlackElo "2225"]

1.d4 Nf6 2.Nf3 d6 3.c4 Bg4 4.Nc3 Nbd7 5.Bf4 c6 6.h3 Bh5 7.g4 Bg6 8.Bg2 Qa5
9.Qd2 e5 10.dxe5 dxe5 11.Nxe5 Nxe5 12.Bxe5 Qxe5 13.Rd1 Qc7 {#R} 0-1

[Event "Dos Hermanas Qualifier (14-B)"]
[Site "Internet"]
[Date "2003.03.14"]
[Round "5"]
[White "Franco Victor (GER)"]
[Black "Schmidt Raul (ROM)"]
[Result "0-1"]
[WhiteElo "2123"]
[BlackElo "2216"]

1.d4 Nf6 2.c4 d6 3.Nf3 Bg4 4.Nc3 Nbd7 5.e4 e5 6.Be2 Be7 7.Be3 O-O 8.O-O c6
9.Qc2 Qc7 10.Rad1 Rfe8 11.d5 a6 12.a3 cxd5 13.cxd5 b5 14.Qb3 Rec8 15.Rc1 Nc5
16.Qd1 Qb7 17.Nd2 Bd7 18.b4 Na4 19.Nxa4 bxa4 20.Bd3 Bb5 21.Qe2 h6 22.Nc4 Bxc4
23.Rxc4 Rxc4 24.Bxc4 Nxe4 25.Bxh6 Nf6 26.Be3 Bd8 27.f4 e4 28.Rd1 Bb6 29.Kh1
Qa7 30.Bxb6 Qxb6 31.g4 e3 32.Rd3 Re8 33.g5 Ng4 34.Kg2 Nf2 35.Rc3 Qd4 36.Rc1
Qxf4 37.Re1 Qxg5+ 38.Kf1 Qf4 39.Kg2 Re5 40.Bd3 Rg5+ 41.Kf1 Nxd3+ {#R} 0-1

[Event "Dos Hermanas Qualifier (15-A)"]
[Site "Internet"]
[Date "2003.03.15"]
[Round "4"]
[White "Dobrev Nanko (BUL)"]
[Black "Galego Luis (POR)"]
[Result "0-1"]
[WhiteElo "2416"]
[BlackElo "2515"]

1.d4 d6 2.Nf3 Nf6 3.c4 Bg4 4.Nc3 Nbd7 5.e4 e5 6.d5 Nc5 7.h3 Bh5 8.Bd3 Nxd3+
9.Qxd3 Bxf3 10.Qxf3 Be7 11.Be3 O-O 12.O-O c6 13.dxc6 bxc6 14.Rfd1 Qb8 15.Rd2
Qb4 16.Qe2 Rfb8 17.Rad1 h6 18.g4 Nd7 19.Nb1 a5 20.Rc2 a4 21.c5 Nxc5 22.Bxc5
dxc5 23.Na3 Rd8 24.Nc4 Bf6 25.Nd6 Be7 26.Nf5 Bf8 27.Rcd2 Rxd2 28.Rxd2 g6
29.Ng3 a3 30.b3 c4 31.bxc4 Bc5 32.Rd7 Bd4 33.Kg2 Ra7 34.Rd8+ Kg7 35.h4 Qe7
36.Rc8 Rb7 37.Qf3 Qe6 38.Ra8 Rb2 39.Nf5+ gxf5 40.gxf5 Qd6 41.Qg4+ Kf6 42.Qg8
Rxf2+ 43.Kg3 Rxf5 44.Qh8+ Kg6 45.Rg8+ Kh5 46.exf5 e4+ 47.Kh3 Bxh8 {#R} 0-1

[Event "Dos Hermanas Qualifier (15-B)"]
[Site "Internet"]
[Date "2003.03.15"]
[Round "7"]
[White "Rychagov Andrey (RUS)"]
[Black "Galego Luis (POR)"]
[Result "1-0"]
[WhiteElo "2541"]
[BlackElo "2515"]

1.d4 d6 2.Nf3 Nf6 3.c4 Bg4 4.e3 Nbd7 5.h3 Bh5 6.Nc3 e5 7.Be2 Be7 8.O-O O-O
9.e4 Re8 10.d5 Nc5 11.Nd2 Bg6 12.f3 a5 13.Nb3 Nfd7 14.Nb5 a4 15.Nxc5 Nxc5
16.Be3 Rf8 17.g4 f6 18.Qc2 Be8 19.b4 axb3 20.axb3 Bd7 21.Rxa8 Qxa8 22.Nxc7 Qa3
23.Rb1 Bd8 24.Nb5 Bxb5 25.cxb5 Bb6 26.Bf2 Ra8 27.Kg2 Nd7 28.Bxb6 Nxb6 29.Qc7
Qa2 30.Re1 Qd2 31.Kf1 Qd4 32.Qxd6 h5 33.Qe6+ Kh8 34.gxh5 Qe3 35.d6 Qd4 36.h6
Rg8 37.Rd1 Qe3 38.d7 Nxd7 39.Rxd7 Qxh6 40.Qg4 Rc8 41.Rd1 Ra8 42.Kf2 Rf8 43.h4
b6 44.h5 Ra8 45.Rd7 Rg8 46.Bc4 Ra8 47.Qg6 Ra2+ 48.Be2 {#r} 1-0

[Event "Dos Hermanas Qualifier (16-B)"]
[Site "Internet"]
[Date "2003.03.16"]
[Round "4"]
[White "Kosyrev Vladimir (RUS)"]
[Black "Sokolin Leonid M (USA)"]
[Result "0-1"]
[WhiteElo "2539"]
[BlackElo "2513"]

1.d4 Nf6 2.c4 d6 3.Nf3 Bg4 4.Qb3 Bxf3 5.Qxf3 Nc6 6.e3 e5 7.d5 e4 8.Qf4 Nb4
9.Na3 g6 10.Bd2 a5 11.Be2 Bg7 12.O-O O-O 13.Bc3 Re8 14.Rfd1 Nd7 15.Bxg7 Kxg7
16.Nb5 a4 17.Rd2 Re5 18.h3 h5 19.Rad1 Nxa2 20.Ra1 Nb4 21.Bd1 Nd3 22.Rxd3 exd3
23.Qd4 Kg8 24.Qxd3 Nc5 25.Qc3 Ne4 26.Qd4 Qh4 27.g3 Qxh3 28.Bf3 Qf5 29.Bxe4
Rxe4 30.Qd3 h4 31.Nc3 Rg4 32.Qxf5 gxf5 33.b3 a3 34.Kg2 hxg3 35.f3 Rg6 36.Nb5
Kg7 37.Nxc7 Rh8 38.c5 dxc5 39.d6 Rh2+ 40.Kg1 a2 41.d7 Rd2 42.Rxa2 Rxd7 43.Na8
Rd3 44.Kg2 Rxb3 45.Nc7 Rxe3 46.Rb2 f4 47.Nd5 Rh6 48.Rb1 Rh2+ 49.Kg1 Rxf3 {#R}
0-1

[Event "Ch Poland (team) (2nd liga)"]
[Site "Poland"]
[Date "2003.09.09"]
[Round "5"]
[White "Szwier Eugeniusz (POL)"]
[Black "Ozog Leon (POL)"]
[Result "1-0"]
[WhiteElo "2249"]
[BlackElo "2182"]

1.d4 d6 2.c4 Nf6 3.Nf3 Bg4 4.Qb3 Qc8 5.Bg5 Nbd7 6.Nbd2 c6 7.h3 Bh5 8.e3 e6
9.Bd3 Be7 10.Qc2 Qc7 11.Bf4 e5 12.Bh2 Bg6 13.Bxg6 hxg6 14.c5 Qa5 15.b4 Qxb4
16.cxd6 Bxd6 17.dxe5 Bxe5 18.Nxe5 Nxe5 19.Bxe5 Qe7 20.Bxf6 Qxf6 21.Rb1 b6
22.Qe4+ Kf8 23.O-O Rh4 24.Qf3 Rd8 25.Rfd1 Ra4 26.Qxf6 gxf6 27.Rb2 c5 28.Rc1
Ke7 29.Rcc2 Kd7 30.Kf1 Kc6 31.Ke2 a6 32.Nb3 c4 33.Nd4+ Kc5 34.Rb1 b5 35.g3 b4
36.Rbc1 c3 37.Kd3 a5 38.Rb1 Ra3 39.Rb3 Ra4 40.h4 f5 41.Rb1 Ra3 42.h5 Rh8
43.Rh1 Kd5 44.hxg6 Rf8 45.g7 Rg8 46.Nxf5 Ke5 47.Rh8 Rxg7 48.Nxg7 a4 49.Rb8
{#r} 1-0

[Event "Ch Ukraine (juniors) (under 20) (1/2 final)"]
[Site "Ternopol (Ukraine)"]
[Date "2003.12.18"]
[Round "8"]
[White "Shkunda Yulian (UKR)"]
[Black "Luzhinsky Vitaly (UKR)"]
[Result "0-1"]
[WhiteElo "2217"]
[BlackElo "2254"]

1.d4 Nf6 2.Nf3 d6 3.c4 Bg4 4.Nc3 Nbd7 5.Nd2 e5 6.d5 Be7 7.f3 Bh5 8.e4 O-O
9.Be2 a5 10.O-O Bg6 11.a3 h5 12.Rb1 h4 13.b4 axb4 14.axb4 Nh5 15.Nb3 Bg5
16.Rf2 Bf4 17.Bd3 Qg5 18.Ne2 Bxc1 19.Qxc1 Nf4 20.Kf1 Qh6 21.Nxf4 exf4 22.Nd4
Ne5 23.Rb3 h3 24.Bb1 Ra1 25.Nc2 Ra4 26.Ne1 f5 27.exf5 Bxf5 28.g4 fxg3 29.Qxh6
gxh6 30.hxg3 Bxb1 31.Rxb1 Nxc4 32.Kg1 Ne3 33.Rd2 Rf5 34.Rb3 Nxd5 35.Kh2 Nxb4
36.Kxh3 b6 37.Rd4 Ra1 38.Ng2 Rh1+ 39.Kg4 Rg5+ 40.Kf4 Nd5+ 41.Ke4 Re5+ 42.Kd3
Rd1+ 43.Kc4 b5+ 44.Rxb5 Nb6+ 45.Rxb6 Rxd4+ 46.Kxd4 cxb6 {#R} 0-1

[Event "It (cat.5)"]
[Site "Paris (France)"]
[Round "1"]
[White "Collas Didier (FRA)"]
[Black "Grimberg Gilbert (FRA)"]
[Result "1/2-1/2"]
[WhiteElo "2430"]
[BlackElo "2327"]

1.Nf3 d6 2.d4 Nf6 3.c4 Bg4 4.Nc3 Nbd7 5.e4 e5 6.d5 Nc5 7.h3 Bh5 8.Qe2 a5 9.Qe3
Be7 10.Be2 Bg6 11.Nd2 {#d} 1/2-1/2

[Event "Ch East of Scotland (challengers)"]
[Site "Scotland"]
[Round "3"]
[White "Gillespie David (SCO)"]
[Black "Murray Robin"]
[Result "1-0"]
[WhiteElo "1906"]
[BlackElo "1460"]

1.Nf3 Nf6 2.c4 d6 3.d4 Bg4 4.Nbd2 e6 5.g3 Nc6 6.Bg2 Be7 7.O-O O-O 8.b3 d5
9.Bb2 b6 10.Rc1 Rc8 11.cxd5 Na5 12.dxe6 fxe6 13.Ne5 Bf5 14.e4 Bg6 15.a3 Be8
16.b4 Nb7 17.Qb3 Bd7 18.Bh3 Kh8 19.Nxd7 Qxd7 20.Bxe6 Qe8 21.Bxc8 Qxc8 22.Kg2
Qg4 23.Rxc7 Nxe4 24.Nxe4 Qxe4+ 25.f3 Qg6 26.Rxe7 Nd6 27.Re6 Qf7 28.d5 Nf5
29.Rfe1 h5 30.Qd3 h4 31.g4 Nh6 32.Rxh6+ {#r} 1-0

[Event "It \"]
[Site "St. Petersburg (Russia)"]
[Round "9"]
[White "Pavlov Gennadij (RUS)"]
[Black "Zuttis Sergey (RUS)"]
[Result "1-0"]
[WhiteElo "2305"]
[BlackElo "2138"]

1.d4 Nf6 2.c4 d6 3.Nf3 Bg4 4.Nbd2 Nbd7 5.Qb3 Rb8 6.e3 e5 7.h3 Bh5 8.Qa4 exd4
9.exd4 a6 10.Bd3 Be7 11.O-O O-O 12.Qc2 c5 13.b3 Bg6 14.Bb2 Bxd3 15.Qxd3 Qc7
16.Rfe1 Rfe8 17.Re2 Bf8 18.Rae1 Rxe2 19.Rxe2 b5 20.Ne4 Nxe4 21.Rxe4 bxc4
22.Qxc4 d5 23.Qxd5 Nf6 24.Qf5 Nxe4 25.Qxe4 Qe7 26.Qd3 a5 27.d5 Rd8 28.Bc3 Qd6
29.Ng5 Qg6 30.Ne4 Qf5 31.Nf6+ Qxf6 32.Bxf6 gxf6 33.Kf1 {#r} 1-0

[Event "Ch City"]
[Site "Morbihan (France)"]
[Date "2004.01.10"]
[Round "4"]
[White "Gueguen Mederic"]
[Black "Tripoteau Philippe"]
[Result "0-1"]
[WhiteElo "1500"]
[BlackElo "1570"]

1.d4 Nf6 2.Nf3 d6 3.c4 Bg4 4.e3 c6 5.Bd3 e5 6.dxe5 dxe5 7.e4 Bb4+ 8.Nc3 O-O
9.Bg5 Nbd7 10.Rc1 Nc5 11.Ke2 Nxd3 12.Qxd3 Qxd3+ 13.Kxd3 Bxf3 14.gxf3 Nd7 15.f4
f6 16.Bh4 exf4 17.f3 Ne5+ 18.Ke2 Nxc4 19.Na4 b5 20.b3 Nb6 21.Nb2 Rfe8 22.Nd3
Ba3 23.Rxc6 b4 24.Rc7 Nd5 25.Rd7 Nc3+ 26.Kf1 Red8 27.Rxd8+ Rxd8 28.Nxf4 g5
29.Bxg5 Rd1+ 30.Kg2 fxg5 31.Ne6 Rxh1 32.Kxh1 Bc1 33.Nc5 Kf7 34.e5 Be3 35.Nd3
Nxa2 36.Kg2 a5 37.Kg3 Ke6 38.h4 Nc1 39.Nxc1 Bxc1 40.hxg5 Kxe5 41.Kg4 a4
42.bxa4 b3 {#R} 0-1

[Event "Ch Brazil"]
[Site "Rio de Janeiro (Brazil)"]
[Date "2004.02.27"]
[Round "3"]
[White "Teixeira Ricardo Da Silva (BRA)"]
[Black "Resende Antonio Carlos (BRA)"]
[Result "1/2-1/2"]
[WhiteElo "2392"]
[BlackElo "2382"]

1.d4 Nf6 2.Nf3 d6 3.c4 Bg4 4.g3 Bxf3 5.exf3 e6 6.Nc3 Nbd7 7.Be3 c6 8.Be2 a6
9.b4 Be7 10.O-O O-O 11.a4 d5 12.c5 e5 13.a5 Ne8 14.dxe5 Nxe5 15.Na4 Qc7 16.Re1
Ng6 17.Bd4 Bf6 18.Bf1 Bxd4 19.Qxd4 Nf6 20.Re3 Rae8 21.Rae1 Rxe3 22.fxe3 Re8
23.Nc3 Qe5 24.Qxe5 Nxe5 25.Kf2 Kf8 26.h3 Rd8 27.Rd1 Ke7 28.f4 Ned7 29.Bg2 h6
{#d} 1/2-1/2

[Event "Cup Gold"]
[Site "Meran (Germany)"]
[Round "3"]
[White "Sieghardt Walter (GER)"]
[Black "Gestrich Wolfgang (GER)"]
[Result "1/2-1/2"]
[WhiteElo "1642"]
[BlackElo "1635"]

1.d4 Nf6 2.c4 d6 3.Nf3 Bg4 4.e3 Nbd7 5.Be2 e5 6.dxe5 dxe5 7.O-O e4 8.Nd4 Bxe2
9.Qxe2 c5 10.Nb3 b6 11.Rd1 Qc7 12.f4 exf3 13.Qxf3 Rd8 14.Nc3 Ne5 15.Rxd8+ Qxd8
16.Qe2 Qb8 17.g3 Qc8 18.Kg2 a6 19.e4 Qg4 20.Nd2 Qxe2+ 21.Nxe2 Nd3 22.b3 Nxc1
23.Rxc1 g5 24.Nc3 Bd6 25.Re1 Nd7 26.Nf3 f6 27.Nd5 Kf7 28.h3 h6 29.Ne3 Ne5
30.Nf5 Bb8 31.Rd1 Nxf3 32.Kxf3 Ke6 33.Rd5 h5 34.Ne3 h4 35.g4 Be5 36.Ke2 Rb8
37.Kd3 Rb7 38.Nf5 a5 39.a4 Rd7 40.Ke2 Bc7 {#d} 1/2-1/2

[Event "Ch Wales"]
[Site "Cardiff (Wales)"]
[Date "2004.04.10"]
[Round "3"]
[White "Trevelyan John (WLS)"]
[Black "Jones Iolo C (WLS)"]
[Result "1/2-1/2"]
[WhiteElo "2170"]
[BlackElo "2290"]

1.d4 Nf6 2.c4 d6 3.Nf3 Bg4 4.e3 Nbd7 5.h3 Bh5 6.Be2 e5 7.d5 a5 8.Nc3 Nc5 9.O-O
Be7 10.Ne1 Bxe2 11.Qxe2 O-O 12.e4 Nfd7 13.Nf3 Kh8 14.Be3 g6 15.b3 f5 16.Bxc5
Nxc5 17.Rfb1 Bf6 18.Ne1 Qd7 19.Nd3 Nxe4 20.Nxe4 fxe4 21.Qxe4 Qf5 22.Re1 Bg5
23.Rad1 b6 24.a4 Rf7 25.Re2 Raf8 26.Qxf5 Rxf5 27.Ne1 Bh6 28.Rd3 Kg8 29.Rf3 Kg7
30.Rxf5 gxf5 31.g3 Kf7 32.Kg2 Rg8 33.Nd3 Kf6 34.Kh2 Kf7 35.f3 Bg5 36.Nf2 h5
37.Nd3 {#d} 1/2-1/2

[Event "Memorial J.Capablanca (d) (cat.1)"]
[Site "Habana (Cuba)"]
[Date "2004.05.06"]
[Round "1"]
[White "Mascaro March Pedro (ESP)"]
[Black "Ramon Vivian (CUB)"]
[Result "1-0"]
[WhiteElo "2323"]
[BlackElo "2251"]

1.Nf3 Nf6 2.c4 d6 3.d4 Bg4 4.Nc3 Bxf3 5.exf3 c6 6.Be3 Nbd7 7.g4 g6 8.Be2 Qc7
9.Qd2 h5 10.g5 Ng8 11.d5 c5 12.Qc2 Bg7 13.f4 a6 14.Bd2 O-O-O 15.f5 Nf8 16.fxg6
fxg6 17.Bd3 e6 18.O-O-O Ne7 19.dxe6 Nxe6 20.Bxg6 Nd4 21.Qd3 b5 22.Be4 b4
23.Nd5 Nxd5 24.Bxd5 Qa5 25.Kb1 Qa4 26.b3 Qd7 27.Rde1 Rde8 28.Bg2 Kc7 29.Re4
Rxe4 30.Qxe4 Kb6 31.Re1 a5 32.Qe7 Rd8 33.f4 Bh8 34.Qxd7 Rxd7 35.f5 Be5 36.f6
a4 37.bxa4 Ka5 38.Rxe5 dxe5 39.g6 Ne2 40.Bd5 e4 41.f7 e3 42.f8=Q exd2 {#r} 1-0

[Event "It (cat.8)"]
[Site "Dhaka (Bangladesh)"]
[Date "2004.05.18"]
[Round "1"]
[White "Abdul Maleq (BAN)"]
[Black "Abdulla Al-Rakib (BAN)"]
[Result "0-1"]
[WhiteElo "2205"]
[BlackElo "2474"]

1.Nf3 Nf6 2.d4 d6 3.c4 Bg4 4.Qb3 Qc8 5.Bf4 g6 6.Nbd2 Bg7 7.e4 O-O 8.Bd3 Nfd7
9.h3 Bxf3 10.Nxf3 e5 11.dxe5 Nc5 12.Qc3 Nc6 13.O-O dxe5 14.Be3 Ne6 15.b4 Ncd4
16.Bxd4 exd4 17.Qd2 c5 18.b5 Qc7 19.g3 Rfe8 20.Kg2 a6 21.a4 b6 22.Nh2 axb5
23.axb5 Qb7 24.f3 Rxa1 25.Rxa1 Ra8 26.Qb2 g5 27.Ra2 h5 28.Qa1 Rxa2+ 29.Qxa2
Be5 30.Nf1 h4 31.f4 Bxf4 32.gxf4 Nxf4+ 33.Kg1 Nxd3 34.Qg2 f6 35.Nd2 Qd7 36.e5
Nxe5 37.Qa8+ Kg7 38.Qb8 Qxh3 39.Qxb6 Qe3+ 40.Kf1 Qxd2 41.Qb7+ Nf7 42.b6 d3
{#R} 0-1

[Event "Memorial J.Capablanca (c) (cat.8)"]
[Site "Habana (Cuba)"]
[Date "2004.05.18"]
[Round "13"]
[White "Perea Osmany (CUB)"]
[Black "Zugic Igor (CAN)"]
[Result "1/2-1/2"]
[WhiteElo "2372"]
[BlackElo "2479"]

1.d4 Nf6 2.Nf3 d6 3.c4 Bg4 4.g3 Bxf3 5.exf3 c6 6.Bg2 d5 7.b3 g6 8.O-O Bg7
9.Bb2 O-O 10.f4 e6 11.Nd2 a5 12.Nf3 Nfd7 13.Ne5 Re8 14.Qc2 Na6 15.Rfc1 Bh6
16.Re1 Rc8 17.c5 Nxe5 18.fxe5 b6 19.Bf1 Nb4 20.Qd1 Ra8 21.a3 Na6 22.Qc2 bxc5
23.dxc5 Qd7 24.Bd4 Reb8 25.Reb1 Nc7 26.b4 axb4 27.axb4 Rxa1 28.Bxa1 Bf8 29.Bc3
Qc8 30.Ra1 Ra8 31.Ra4 Be7 32.Qa2 Rxa4 33.Qxa4 Qb7 34.h4 Kf8 35.Bd3 Ke8 36.Bd2
Kd7 37.Bc3 Bd8 38.Be2 Nb5 39.Bxb5 cxb5 40.Qa2 Bc7 41.Bd4 Kc6 {#d} 1/2-1/2

[Event "It (young masters)"]
[Site "Millfield School (England)"]
[Date "2004.07.21"]
[Round "4"]
[White "Hanley Craig (ENG)"]
[Black "Bennett William (SCO)"]
[Result "1-0"]
[WhiteElo "2396"]
[BlackElo "2185"]

1.d4 Nf6 2.Nf3 d6 3.c4 Bg4 4.Qb3 Bxf3 5.exf3 Qc8 6.Be3 c6 7.Nc3 e5 8.Bd3 Be7
9.O-O Nbd7 10.Rfe1 O-O 11.f4 Re8 12.Bf5 Qc7 13.Rad1 a6 14.fxe5 dxe5 15.dxe5
Nxe5 16.Bb6 Qb8 17.Ne4 Nxe4 18.Rxe4 Bf6 19.Rde1 Rf8 20.c5 Ng6 21.g3 a5 22.a4
Ne5 23.h4 h5 24.f4 Ng4 25.Kf1 Nh6 26.Bd7 g6 27.Re8 Rxe8 28.Rxe8+ Qxe8 29.Bxe8
Rxe8 30.Bxa5 Nf5 31.Qxb7 Ne3+ 32.Kg1 Bd4 33.Bc3 {#r} 1-0

[Event "It (open) \"]
[Site "Pardubice (Czech Republic)"]
[Date "2004.07.23"]
[Round "1"]
[White "Grabarczyk Miroslaw (POL)"]
[Black "Reznicek Jan (CZE)"]
[Result "1-0"]
[WhiteElo "2470"]
[BlackElo "2278"]

1.d4 Nf6 2.c4 d6 3.Nf3 Bg4 4.Qb3 Qc8 5.h3 Bh5 6.g4 Bg6 7.Bg2 c6 8.Nc3 Nbd7
9.Nh4 e5 10.d5 c5 11.g5 Nh5 12.Bf3 Nf4 13.Bg4 Be7 14.Nxg6 hxg6 15.Ne4 Qc7
16.Qf3 a6 17.Bxf4 exf4 18.Bxd7+ Qxd7 19.Qxf4 b5 20.h4 Ra7 21.Rc1 b4 22.Kf1 Kf8
23.Rd1 Qf5 24.Qxf5 gxf5 25.Ng3 g6 26.f4 f6 27.Kg2 Kg7 28.e4 fxe4 29.Nxe4 f5
30.Ng3 Kf7 31.Rde1 {#r} 1-0

[Event "It (open) \"]
[Site "Belgrade (Yugoslavia)"]
[Round "0"]
[White "Stanisic Jelisaveta (SRB)"]
[Black "Vukovic Ljubomir (SRB)"]
[Result "0-1"]
[WhiteElo "1781"]
[BlackElo "1963"]

1.Nf3 Nf6 2.c4 d6 3.d4 Bg4 4.Nbd2 e6 5.g3 c6 6.Bg2 Nbd7 7.Qc2 d5 8.O-O h6 9.e4
dxe4 10.Nxe4 Bf5 11.Nxf6+ Nxf6 12.Qd1 Bd6 13.b3 O-O 14.Bb2 Be7 15.Re1 Qc7
16.Qe2 Rfe8 17.Ne5 Rad8 18.Rac1 Bb4 19.Red1 Qa5 20.Bxc6 bxc6 21.Nxc6 Qb6
22.Nxd8 Qxd8 23.Bc3 Qa5 24.Bxb4 Qxb4 25.Qd2 Qb7 26.f4 Qf3 27.Qf2 Qg4 28.Re1
Be4 29.Re3 Qf5 30.Qe2 Bc6 31.Re5 Qh3 32.Qf1 Qg4 33.Rce1 Rd8 34.Rd1 Ne4 35.Qd3
Nf6 36.Qf1 Bf3 37.Rd3 Be4 38.Rd1 Ba8 39.Rd3 Nh5 40.Qe1 Nf6 41.Qe2 Qg6 42.Ra5
Be4 43.Rd2 Rd7 44.Qf2 h5 45.h3 Bf5 46.Qh2 Ne4 47.Rd1 Nxg3 {#R} 0-1

[Event "It (open)"]
[Site "Creon (France)"]
[Date "2004.08.05"]
[Round "6"]
[White "Govciyan Pavel (FRA)"]
[Black "Luft Martin (GER)"]
[Result "1-0"]
[WhiteElo "2291"]
[BlackElo "2114"]

1.d4 Nf6 2.c4 d6 3.Nf3 Bg4 4.Nc3 e6 5.e4 Be7 6.Be3 c6 7.h3 Bh5 8.Bd3 O-O 9.Qc2
Nfd7 10.g4 Bg6 11.h4 h5 12.gxh5 Bxh5 13.Ng5 e5 14.Be2 Nf6 15.O-O-O Qc8 16.Bxh5
Nxh5 17.c5 g6 18.cxd6 Bxd6 19.Ne2 Nd7 20.dxe5 Bxe5 21.f4 Bf6 22.e5 Bxg5
23.hxg5 Nb6 24.Rxh5 gxh5 25.Ng3 Qh3 26.Bf2 Qg4 27.Kb1 Nd5 28.Ne4 Kg7 29.Rxd5
cxd5 30.Nf6 {#r} 1-0

[Event "It (cat.3)"]
[Site "Paks (Hungary)"]
[Date "2004.08.27"]
[Round "7"]
[White "Szuhanek Ranko (ROM)"]
[Black "Mihalj M Miroslav (SRB)"]
[Result "1-0"]
[WhiteElo "2451"]
[BlackElo "2294"]

1.Nf3 Nf6 2.c4 d6 3.d4 Bg4 4.Nc3 Nbd7 5.e4 e5 6.Be2 Be7 7.Be3 O-O 8.O-O c6
9.Nd2 exd4 10.Bxd4 Bxe2 11.Qxe2 Re8 12.f4 Bf8 13.Qf3 Qa5 14.g4 d5 15.e5 Bc5
16.Bf2 Nxe5 17.fxe5 Rxe5 18.Nb3 Bxf2+ 19.Rxf2 Qb4 20.Qf4 Qe7 21.h3 dxc4
22.Qxc4 Re3 23.Kg2 h5 24.Nd4 hxg4 25.Nf5 gxh3+ 26.Kf1 Qe6 27.Nxe3 Qxe3 28.Re1
h2 29.Qh4 Qd3+ 30.Kg2 Qg6+ 31.Kh1 Ng4 32.Rg2 f5 33.Qxh2 Rd8 34.Qh4 Rd3 35.Rd1
{#r} 1-0

[Event "Ch Wuerttemberg (b)"]
[Site "Stuttgart (Germany)"]
[Date "2004.08.29"]
[Round "2"]
[White "Puchas Ralf (GER)"]
[Black "Kolb Roland (GER)"]
[Result "0-1"]
[WhiteElo "2036"]
[BlackElo "2101"]

1.Nf3 d6 2.d4 Bg4 3.c4 Nf6 4.Nc3 c6 5.h3 Bh5 6.g4 Bg6 7.Nh4 Nbd7 8.Bg2 e5
9.Nxg6 hxg6 10.Rb1 Qc7 11.b4 Nb6 12.Qd3 Rd8 13.b5 d5 14.Qg3 Nxc4 15.bxc6 bxc6
16.dxe5 Nxe5 17.Bf4 Bd6 18.O-O Nf3+ 19.Qxf3 Bxf4 20.e3 Bh2+ 21.Kh1 Be5 22.Ne2
Ne4 23.Rfd1 Ng5 {#R} 0-1

[Event "It (open) \"]
[Site "Paris (France)"]
[Date "2004.09.04"]
[Round "7"]
[White "Soulas Gilles (FRA)"]
[Black "Shirazi Kamran (FRA)"]
[Result "0-1"]
[WhiteElo "2170"]
[BlackElo "2389"]

1.d4 Nf6 2.Nf3 d6 3.c4 Bg4 4.Qb3 Qc8 5.g3 Nbd7 6.Bg2 c6 7.O-O e5 8.dxe5 dxe5
9.Nc3 Nc5 10.Qc2 Bf5 11.Qd1 Qc7 12.Nh4 Rd8 13.Qe1 Be6 14.b3 g6 15.Bb2 Bg7
16.Rd1 O-O 17.Rxd8 Rxd8 18.Qb1 a5 19.Rd1 Re8 20.Qc2 Bg4 21.h3 Bc8 22.Nf3 e4
23.Nd4 e3 24.f4 Nh5 {#R} 0-1